[Event "Tokyo Japan op"]
[White "Kano, Terumasa"]
[Black "Otawa, Yuto"]
[Site "Tokyo"]
[Round "1"]
[Result "0-1"]
[Date "2021.11.20"]
[WhiteElo "1604"]
[BlackElo "2128"]
[PlyCount "64"]
[EventDate "2021.11.20"]
[EventType "swiss"]
[EventRounds "7"]
[EventCountry "JPN"]
[SourceTitle "CBM 205 Extra"]
[Source "ChessBase"]
[SourceDate "2022.01.31"]
[SourceVersion "1"]
[SourceVersionDate "2022.01.31"]
[SourceQuality "1"]

1. e4 e5 2. Nf3 Nc6 3. Bc4 Bc5 4. 0-0 Nf6 5. d4 Bxd4 6. Nxd4 Nxd4 7. Bg5 h6 8. Bh4 g5 9. Bg3 Nc6 10. Nd2 d6 11. c3 Be6 12. Bxe6 fxe6 13. Qb3 Qd7 14. Qxb7 Rb8 15. Qa6 Rxb2 16. Nc4 Rb8 17. f3 Nh5 18. Bf2 0-0 19. Rad1 Nf4 20. Rfe1 h5 21. Ne3 Ne7 22. c4 Rb6 23. Qa3 Qc6 24. Rc1 Rfb8 25. Qc3 Qa4 26. Rc2 c5 27. Kh1 Nc6 28. h4 Nd4 29. Rd2 Qe8 30. Nc2 g4 31. Bg3 Rb1 32. Nxd4 exd4 0-1